Yüklüyor......
Cost accounting
| Yazar: | |
|---|---|
| Diğer Yazarlar: | |
| Materyal Türü: | Printed Book |
| Dil: | English |
| Konular: |
| LEADER | 00583nam a2200169 a 4500 | ||
|---|---|---|---|
| 005 | 20151028162214.0 | ||
| 008 | 960221s1955 dcuabcdjdbkoqu001 0deng d | ||
| 003 | ViArRB | ||
| 082 | |a 658.151 | ||
| 100 | |a Maheshwari |9 25289 | ||
| 245 | |a Cost accounting | ||
| 653 | |a | ||
| 700 | |a Mittal |9 25288 | ||
| 942 | |c BK |6 _ | ||
| 999 | |c 77298 |d 77298 | ||
| 952 | |0 0 |1 0 |2 ddc |4 0 |6 658151_L11 |7 0 |9 90219 |a SOS |b SOS |d 2009-11-13 |l 2 |o 658.151 L1;1 |p IF000426 |r 2013-06-14 |s 2010-12-01 |w 2009-07-13 |y BK | ||
| 952 | |0 0 |1 0 |2 ddc |4 0 |6 658151_L12 |7 0 |9 90220 |a SOS |b SOS |d 2011-06-22 |o 658.151 L1;2 |p IF000426A |r 2011-06-22 |w 2011-06-22 |y BK | ||